| 000 | 00845nam a2200241Ia 4500 | ||
|---|---|---|---|
| 008 | 191130s2004##################000#0#eng## | ||
| 020 | _a9780198528609 | ||
| 022 | _a2005297323 | ||
| 040 |
_aACL _cACL |
||
| 082 | _a591.47 RUX | ||
| 100 | _aRuxton, Graeme D | ||
| 245 |
_aAvoiding attack : the evolutionary ecology of crypsis, warning signals, and mimicry _cGraeme D. Ruxton, Thomas N. Sherratt, Michael P. Speed |
||
| 250 | _a1st ed | ||
| 260 |
_aOxford _bOxford University Press _c2004 |
||
| 300 | _axii, 249 p., [2] p. of plates : ill. (some col.) ; 26 cm | ||
| 500 | _aIncludes bibliographical references (p. 210-239) and indexes | ||
| 650 | _aAnimal defenses | ||
| 700 | _aSherratt, Thomas N | ||
| 700 | _aSpeed, Michael Patrick | ||
| 990 | _ae7d10db4ac10000c5145de2e3c9a4b28 | ||
| 991 | _a247472 | ||
| 999 |
_c376364 _d376364 |
||